[Event "United States Championship"]
[Site "New York (USA)"]
[Date "1963.12.18"]
[Round "3"]
[White "Robert Byrne (USA)"]
[Black "Bobby Fischer (USA)"]
[Result "0-1"]
[WhiteElo "2510"]
[BlackElo "2760"]
[Annotator "Eric Schiller"]
[PlyCount "50"]

1. d4 Nf6 2. c4 g6 3. g3 c6 4. Bg2 4... d5 {Black has transposed to the
Gruenfeld Defense.  Because of White's formation, we have what is known as  a
Neo-Gruenfeld. Black has finally placed a pawn in the  center, so White will
not be able to dominate that region  of the board as in the King's Indian,
where Black plays  the more modest ...d6 instead of ...d5.} 5. cxd5 cxd5 6. Nc3
6... Bg7 7. e3 {This is not a particularly ambitious move. Bobby doesn't  seem
to be aiming for much in the opening. In the  1962/63 US Championship, Fischer
was on the Black  side against Benko, and faced the normal, and more 
promising move 7.Nf3. That game ended in a quick  draw. Perhaps that is why he
chose a different move in  this game.} 7... O-O 8. Nge2 Nc6 9. O-O 9... b6 {
The bishop is headed for a6, where it will dominate a  long diagonal, and pin
the knight at e2 to the rook at f1.} 10. b3 {
Having played e3, White also has to develop the bishop  on the queenside.}
10... Ba6 11. Ba3 11... Re8 {Black has also played the logical 11...Qd7, which
connects the rooks. Both are useful moves that have  served Black well in this
position.} 12. Qd2 12... e5 {!} (12... e6 {is passive. White can take
advantage of this by  preparing action on the c-file. Total symmetry ususally 
runs into trouble if carried too far} 13. Rfc1 {!  This is the right rook.
White unpins the knight at e2,  which can get to f4 and set up some nice
tricks.} 13... Rc8 14. Nf4 {
was agreed drawn in one game, but another saw White  gain the upper hand after}
14... Bf8 15. Bxf8 Rxf8 16. h4 Qe7 17. Qb2 17... Rc7 {where in Dizdar vs.
Cepon, at Ljubljana 1995 the  Grandmaster playing White could have gone in for}
18. Bxd5 {!  since} 18... exd5 (18... Nxd4 19. exd4 19... exd5 {was perhaps
the line that discouraged th capture at d5,  but White certainly comes out on
top after} 20. Ncxd5 Rxc1+ 21. Rxc1 Nxd5 22. Nxd5 {with an extra pawn.}) 19.
Ncxd5 Nxd5 20. Nxd5 Qd8 21. Nxc7 Qxc7 22. Qc3 Bb7 23. d5 {
exploits the pin and wins a piece.}) 13. dxe5 (13. Rac1 exd4 14. exd4 14... Rc8
{was possible, and Fischer looked at 15.f3, though  Huebner counters wuith 15..
.b5! He suggests} 15. Rfe1 {instead.}) 13... Nxe5 14. Rfd1 {
?  A classic example of moving the wrong rook to the right square.} (14. Rad1 {
is considered better. There was a great deal of debate  about the proper
continuation after this move.} 14... Qd7 15. Bb2 Qg4 16. f3 16... Qd7 {
might give Black a "minuscule" adantage, according to  Huebner. Fischer, as
usual, claimed much more for  Black, but that is really just a sign of his
optimistic  nature.}) 14... Nd3 15. Qc2 {Bobby felt that White'sposition is
pretty much toast  here, but Huebner found an alternative that isn't too 
awful for White.} (15. Nd4 Ne4 16. Nxe4 dxe4 17. Bb2 Rc8 18. a4 {
where White at least has sojme counterplay on the  queenside.}) 15... Nxf2 {
!  A classic sacrifice against the most vulnerable defender  of the White king.
} 16. Kxf2 Ng4+ 17. Kg1 17... Nxe3 {Bobby already has two pawns for the knight,
and now by  forking 3 White pieces Black will can pick up at least the 
exchange.} 18. Qd2 18... Nxg2 {!  The bishop is a more important defender of
the king  than the rook at d1, so Fischer removes it.} 19. Kxg2 19... d4 {
The pawn advances, and if White moves away the knight  at c3, then the knight
at e2 will fall to the rook with  check, supported by the bishop. The advance
has  another venomous point. The long diagonal a8-h1 is now  open for business.
} 20. Nxd4 20... Bb7+ {!} 21. Kf1 (21. Kg1 Bxd4+ 22. Qxd4 {allows a neat trick.
} 22... Re1+ {!  is strong, becaus the rook is taboo. If it is captured, the 
queen at d4 has no support.} 23. Kf2 Qxd4+ 24. Rxd4 24... Rxa1 {
gives Black a decisive material advantage.}) 21... Qd7 {The invasion of the
light squares is in full swing, and  there is no way White can survive. So
Byrne resigned.  Bobby wasn't too happy with the capitualation, because  he
wanted to finish the game brilliantly with} 22. Qf2 Qh3+ 23. Kg1 23... Re1+ {
!!  This deflects the rook from the defense of d4. White  can't capture with
the queen because of mate at g2.} 24. Rxe1 Bxd4 25. Qxd4 25... Qg2# 0-1

4.Rxe1
Bxd4 25.Qxd4 Qg2# { } 0-1

[Event "Interzonal"]
[Site "Palma de Majorca (Spain)"]
[Date "1970.11.11"]
[Round "3"]
[White "Bobby Fischer (USA)"]
[Black "William Addison (USA)"]
[Result "1-0"]
[WhiteElo "2760"]
[BlackElo "2490"]
[Annotator "Eric Schiller"]
[PlyCount "47"]
[Source "Learn from Bobby"]

{This game, played in a qualification stage for his eventual World
Championship, shows Fischer in dominating form. He won the tournament, winning
15, drawing seven, and losing only once. It was to be his final tournament
performance. After this event, he played only individual matches.} 1. e4 1...
d5 {The Scandinavian Defense was considered quite  unusual at the time. Only
in the 1990s did it achieve  respectability. Black allows White keep a small
initiative  by capturing.} 2. exd5 2... Qxd5 {Black can also play 2...Nf6 and
recover the pawn later. That strategy is known as the Modern Variation.} 3. Nc3
3... Qd8 {This is considered inferior to 3...Qa5 and 3...Qd6.  Fischer is
happy to have the lead in development!} 4. d4 {Occupying and controlling
important central squares.  The move also releases the bishop at c1, which can
quickly enter the game.} 4... Nf6 5. Bc4 Bf5 6. Qf3 {!  White attacks both the
bishop at f5 and the pawn at b7.  Often, an early move of the light square
bishop will leave  the b-pawn vulnerable to a White attack.} 6... Qc8 {
Black defends against both threats.} 7. Bg5 {!?  White offers the pawn at c2
for free. But while Black is  grabbing the pawn, White just continues to
develop.} 7... Bxc2 8. Rc1 {Notice how the rook at c1 aims at the enemy queen
at  c8. Althought there are many pieces in the way, it is still  something to
worry about.} 8... Bg6 9. Nge2 {
No tricks yet, there are still development tasks.} 9... Nbd7 10. O-O {
White has completed development, as the rooks can  "see" each other and
castling has been achieved.  Black, on the other hand, needs at least 5 moves
to  complete his development. Although Fischer is down a  pawn, there is more
than enough compensation.} 10... e6 {
Somehow, the bishop has to get out so that Black can  castle.} 11. Bxf6 gxf6
12. d5 {!  Fischer tries to rip open the e-file.} 12... e5 {
Addison declines the invitation and takes a bit more of  the center.} 13. Bb5 {
!  The pin against the knight at d7 is strong. White  controls the c6-square
with pawn, bishop and queen, so  the pressure is hard to relieve.} 13... Be7
14. Ng3 {
The f5-square, weakend by the ...e5 advance, is now  firmly under control.}
14... a6 15. Bd3 {Black's remaining defender of f5 is challenged. If it can 
be eliminated, the knight will have a wonderful home  there.} 15... Qd8 {
The queen has traveled to d5, now occupied by a White  pawn, and back. Then to
c8 and back. Not exactly  productiveplay!} 16. h4 {Addison was hoping that
Fischer would capture at g6,  allowing Black to choose between undoubling the
pawns  or opening up the h-file. Instead, Fischer chooses to  force the issue.}
16... h5 {A major victory for Fischer. The Black h-pawn will be a  great
target in any endgame.} 17. Bf5 {!  The idea is to bring a knight to e4. Then
Black has to  worry about the safety of the f-pawn, even though it is 
defended by three pieces.} 17... Nb6 {Since the knight can't really defend f6,
because it can  be eliminated by White's bishop, Addison sends it off on 
other errands.} 18. Nce4 {!  Fischer sacrifices the powerful pawn at d5, but
gains a  tremendous pin in return.} 18... Nxd5 19. Rfd1 {Black's position is
under pressure all over the place.  White's pieces are perfectly placed, and
not a single  one of Black's is comfortable.} 19... c6 {
Pretty much forced. The threat was 20.Rxd5! Qxd5  21.Nxf6+!! Bxe7 22.Qxd5.} 20.
Nc3 20... Qb6 {Notice that the Black queen and bishop would be forked  if it
were a White knight instead of a Black knight at d5.} 21. Rxd5 {
!  Fischer's exchange sacrifice achieves the goal!} 21... cxd5 22. Nxd5 22...
Qxb2 {Yet another pawn is sacrificed. But Black hasn't yet  castled or
developed a rook, and the finish is brutal.} 23. Rb1 23... Qxa2 {The queen has
several times traveled far to grab a pawn  for a snack, and Black has three
extra pawns plus the  exchange. That's almost a whole rook in value! Doesn't 
matter, the king is a sitting duck.} 24. Rxb7 {Black had seen enough and gave
up. There are threats  of Rxe7+ and Nc7+ followed by Nxa8. In addition, White 
has Bxg6 followed by Nxf6+.} 1-0

d by Nxf6+.}
{} {} 1-0

[Event "Olympiad"]
[Site "Havana (Cuba)"]
[Date "1966.10.30"]
[Round "5"]
[White "Bobby Fischer (USA)"]
[Black "Jacek Bednarski (POL)"]
[Result "1-0"]
[WhiteElo "2760"]
[BlackElo "2400"]
[Annotator "Eric Schiller"]
[PlyCount "43"]

1. e4 c5 2. Nf3 d6 3. d4 cxd4 4. Nxd4 Nf6 5. Nc3 5... a6 {Bednarski chooses
Fischer's favorite Najdorf Variation  of the Sicilian. But Bobby was to become
equally famous  for his own attack against it!} 6. Bc4 e6 7. Bb3 {This is a pla
n originally worked out by Sozin and polished  by Fischer. White places a lot
of pressure at e6, and can  later add to it by advancing the f-pawn.} 7... Nbd7
{Putting the knight at d7 instead of c6 keeps the game  within the confines of
the Najdorf Variation. The knight  often heads to c5.} 8. f4 {In the Najdorf
Sicilian, White's king often travels to the  queenside, so that the kingside
pawns can be advanced  without exposing the king to attack. Of course Black
will  aim all weapons at the queenside. An exciting battle is  almost certain.}
8... Nc5 9. f5 9... Nfxe4 {?  Bednarski chooses a variation which did not have
a bad  reputation. Until this game! Fischer takes apart Black's  position with
surgical prescision, unafraid of Bednarski's home preparation.  Black has
sensible alternatives, including capturing the  bishop at b3 and attacking the
entral knight with ...e5.} 10. fxe6 {!} 10... Qh4+ {Black was counting on the
kingisde attack, but Fischer  dismisses it effortlessly.} (10... fxe6 11. Nxe4
Nxe4 12. O-O 12... Qe7 {
was the line Fischer proposed, but it still hasn't seen  action.}) 11. g3 11...
Nxg3 {The position seems menacing. The knight can't be  captured because the
h-pawn is pinned. Yet if it is not  captured, it will move away with
discovered check,  possibly grabbing a rook along the way.} 12. Nf3 {!  First B
obby eliminates the discovered checks by  chasing away the enemy queen.} 12...
Qh5 13. exf7+ {Not the attack is in Fischer's hands, and he doesn't let  go
until they are firmkly around the enemy king's neck.} 13... Kd8 14. Rg1 {
!  Fischer unpins the h-pawn while attacking the knight  with the rook as well.
} 14... Nf5 15. Nd5 15... Qxf7 {The queen eliminates the advanced pawn but
walks into  a deadly pin. Black's king has no where to hide and  castling is
no longer possible. It is just a matter of  time before the walls cave in.} 16.
Bg5+ Ke8 17. Qe2+ Be6 18. Nf4 {The pins on the e-file and a2-g8 diagonal are
just too  much. Now the king will have to move up to defend the  bishop.} 18...
Kd7 19. O-O-O Qe8 20. Bxe6+ Nxe6 21. Qe4 {
!  The queen creates threats at b7, e6 and f5.} 21... g6 22. Nxe6 {Black resign
ed. If the knight is captured then Fischer  grabs the b-pawn with check and
then brings a rook to  e1 to finish things off.} 1-0

h things off.}
{} { } 1-0

[Event "United States Championship"]
[Site "New York (USA)"]
[Date "1963.12.30"]
[Round "10"]
[White "Bobby Fischer (USA)"]
[Black "Pal Benko (USA)"]
[Result "1-0"]
[WhiteElo "2760"]
[BlackElo "2525"]
[Annotator "Eric Schiller"]
[PlyCount "41"]
[Source "Learn from Bobby"]

1. e4 g6 2. d4 2... Bg7 {Benko chooses the "Modern Defense", which can later 
move into territory of well-known openings such as the  King' s Indian Defense
or Pirc Defense.  } 3. Nc3 {Fischer chooses to keep the game in the king
pawn  group by resisting the temptation to play 3.c4, which  would create a
big center but allow Black to switch to  Fischer's own favorite, the King's
Indian Defense, by  playing ...Nf6.} 3... d6 4. f4 {This is known as the
Austrian Attack. The f-pawn can  be used as a battering ram at f5, leading to
open lines  for White's dark-squre bishop and possibly a rook at f1, 
especially if White castles on the kingside.} 4... Nf6 5. Nf3 O-O 6. Bd3 6...
Bg4 {?  This is considered an error. Although the pin on the  knight is strong,
White can force matters on the kingside.  Instead, Black usually develops the
knight from b8 to c6  or a6. From a6, it can support the advance of the 
c-pawn to c5. This can also be played immediately.} (6... c5 7. dxc5 dxc5 8. e5
Nd5 9. Nxd5 Qxd5 10. Qe2 {gives White a bit more space, but Black has no 
problems developing and it isn't easy for White to make  progress.}) 7. h3 {!}
7... Bxf3 8. Qxf3 Nc6 9. Be3 9... e5 {Black's strategy is to strike at White's
big center,  hoping the pawns will turn out to be weak. This move  was
necessary, as otherwise White might advance to e5  first.} 10. dxe5 {Fischer op
ens up the d-file for future use, and  eliminates the threat faced by the pawn
when it was still  at d4, attacked by both knight and pawn.} 10... dxe5 11. f5
{!  Fischer advances into enemy territory by sending a  single soldier, but
the g-pawn may soon join its  comrade. Black's problem is a lack of targets.
There  simply is no counterplay, and it is clear that the Black  strategy has
failed to materialize.} 11... gxf5 {?  This capture was soon abandoned and
replaced by a more active plan, bringing the knight to d4, where it  attacks
the queen.} 12. Qxf5 Nd4 13. Qf2 {!  Fischer could have grabbed the pawn at e5.
} (13. Qxe5 13... Ng4 {is a double attack on the White queen.} 14. Qxg7+ Kxg7
15. hxg4 {was tempting, but Fischer felt that after} 15... Nc6 {
it would be difficult to make progress. After} 16. Bh6+ Kh8 17. Bxf8 Qxf8 18.
O-O-O {White has a rook, bishop and pawn for the queen, but  White has three
weak pawns and the bishop isn't of  much use. After} 18... Ne5 {
Black has a strong blockade, and a clear advantage.}) 13... Ne8 {An odd station
for the knight, but it does defend g7, and  can come to d6 or return to f6 as
needed. Otherwise  White simply castles on the queenside, moves the  knight,
and drives out the invader with c3.  } 14. O-O {Fischer chooses king
safety over a kingside  pawnstorm. Sensing a touch of conservative play by the
aggressive Fischer, Benko decides to add a little  tension to the position.
Fischer was under a little  pressure. Though he would clearly win the event,
he  was aiming for his perfect score of 11-0!} 14... Nd6 {!  ?} (14... c6 15.
Ne2 15... Nxe2+ {is what Fischer was expecting. Then White's bishop  pair and
control of open lines would have given him an  indisputable advantage.}) 15.
Qg3 15... Kh8 {The king steps into the corner to avoid problems on the  g-file,
where White is ready to play Bh6.} (15... f5 16. Bh6 Qf6 17. Qxg7+ Qxg7 18.
Bxg7 Kxg7 19. exf5 N6xf5 20. Rae1 {is a difficult endgame for Black, as the
e-pawn is a  permanent weakness. Benko, and endgame specialist,  wasn't about
to suffer such torture, so decided to  switch to defense.}) 16. Qg4 c6 (16...
c5 {would have been wiser, intending to push the pawn and  force White onto
the defensive.}) 17. Qh5 17... Qe8 {?} (17... c5 {was the best move,
threatening to push back the  bishop with ...c4. Of course, this does give
White  access to d5 for the knight, but there was nothing  better.}) 18. Bxd4
18... exd4 {This position contains one of Fischer's most awesome  moves. Black
seems to have things under control, since  if White pushes the e-pawn there is
a surprising  defense.} 19. Rf6 {!!  This move has been rightly praised as the
ultimate  blocking tactic. The rook is sacrificed just so that  Black's f-pawn
cannot advance, offering an exchange of  queens that would put an end to
White's attck.} (19. e5 19... f5 {!} 20. Qxe8 Raxe8 21. exd6 21... dxc3 {
is nothing special for White.}) 19... Kg8 {
Otherwise checkmate is quickly achieved.} (19... Bxf6 20. e5 Ne4 21. Bxe4 h6
22. Qxh6+ Kg8 23. Qh7#) 20. e5 20... h6 {A final, desperate hope for a miracle.
If White takes the  knight with the rook, then the Black queen captures the 
pawn at e5, and, since the knight at c3 is still attacked  by the pawn, Black
would escape any serious damage.} 21. Ne2 {!  Benko resigned, because there is
no way to effectively  save the knight. Fischer threatened to move the queen 
to f5 and give mate at f7 if the knight abandons its post.} 1-0

 post.} 1-0

f7 if the knight abandons its post.}
{} { } 1-0